000 00412nam a22001337a 4500
040 _cNUST
082 _a891.4393,JAV
100 _aJaved, Chaudhry
245 _aGaye Dino Ke Suraj / گئے دنوں کے سورج (Urdu) /
_cJaved Chaudhry
260 _aLahore
_bIlm irfan publishers
_c2010
300 _a280 p.;
650 _aUrdu Literature
_xInterview , Chand Mazamin
_9110404
942 _2ddc
_cBK
_k891.4393,JAV
999 _c593767
_d593767